[Event "Hessische EM 2010, D-Turnier"]
[Site "Bad Vilbel"]
[Date "2010.04.03"]
[Round "3"]
[White "Gertz, Berthold"]
[Black "Mulch, Till"]
[Result "1-0"]
[WhiteElo "1953"]
[BlackElo "1928"]
[PlyCount "130"]
[EventDate "2010.??.??"]

1. d4 d5 2. c4 c6 3. Nc3 Nf6 4. Nf3 g6 5. e3 Bg7 6. Bd3 O-O 7. O-O a6 8. Ne5
Ne8 9. cxd5 cxd5 10. Qb3 e6 11. Qc2 Nd6 12. Bd2 Re8 13. f4 Nd7 14. Be1 Nf8 15.
Rc1 f6 16. Bh4 Re7 17. Nf3 b5 18. e4 Rc7 19. Qe2 Bb7 20. e5 Nf5 21. Bxf5 gxf5
22. Rce1 Rc4 23. Qf2 Kh8 24. Nd2 Rac8 25. Nxc4 dxc4 26. a3 Ng6 27. Bxf6 Bxf6
28. exf6 Qxf6 29. Qe3 Rg8 30. Rf2 Qg7 31. Ne2 Qd7 32. Ng3 Qd5 33. Ree2 Bc8 34.
Rd2 Kg7 35. Qf3 Bb7 36. Nh5+ Kf7 37. Qe3 Nh4 38. Ng3 Ng6 39. Qc3 Rh8 40. Qb4 h5
41. Qc5 h4 42. Qxd5 Bxd5 43. Ne2 h3 44. g3 Ne7 45. Nc3 Bc6 46. Rfe2 Rd8 47. Nd1
Be4 48. Nf2 Bg2 49. Re5 Nd5 50. Nd1 Nf6 51. Nc3 Ne4 52. Nxe4 Bxe4 53. Rc5 Bd3
54. Rc6 Rxd4 55. Rxa6 Rd5 56. Ra7+ Kg6 57. Kf2 e5 58. fxe5 Rxe5 59. Rd7 Be4 60.
R2d6+ Kg5 61. Rg7+ Kh5 62. Rh7+ Kg5 63. Rxh3 Bd3 64. Rh8 Re2+ 65. Kf3 Rxb2 1-0

[Event "Hessische EM 2010, D-Turnier"]
[Site "Bad Vilbel"]
[Date "2010.04.03"]
[Round "3"]
[White "Waschke, Thomas"]
[Black "Koch, Thomas"]
[Result "1/2-1/2"]
[WhiteElo "1612"]
[BlackElo "1567"]
[PlyCount "98"]
[EventDate "2010.??.??"]

1. e4 e6 2. d4 d5 3. e5 c5 4. c3 Nc6 5. Nf3 Qb6 6. a3 Nh6 7. b4 cxd4 8. cxd4
Nf5 9. Bb2 Bd7 10. Be2 Be7 11. O-O O-O 12. Qd3 f6 13. Nbd2 a6 14. Nb3 fxe5 15.
dxe5 Na7 16. Nbd4 Nc6 17. Rac1 Rac8 18. Rc2 Ncxd4 19. Nxd4 Rxc2 20. Nxc2 Bb5
21. Qd2 Bxe2 22. Qxe2 Rc8 23. Ne1 Nd4 24. Qd3 Rc4 25. Bxd4 Qxd4 26. Qxd4 Rxd4
27. Nf3 Rc4 28. Rd1 a5 29. bxa5 Bxa3 30. Ng5 Rc6 31. Rb1 h6 32. Nf3 Rc1+ 33.
Rxc1 Bxc1 34. Nd4 Kf7 35. Nb3 Ba3 36. f4 Kg6 37. Kf2 Bb4 38. Kf3 h5 39. h3 Kf7
40. g4 hxg4+ 41. hxg4 Bc3 42. Kg3 g5 43. Kf3 gxf4 44. Kxf4 Kg6 45. Nc5 Bxa5 46.
Nxb7 Bd2+ 47. Kf3 Bc3 48. Kf4 Bd2+ 49. Kf3 Bc3 1/2-1/2

[Event "Hessische EM 2010, D-Turnier"]
[Site "Bad Vilbel"]
[Date "2010.04.03"]
[Round "3"]
[White "Minarsch, Hans"]
[Black "Rennhack, Peer"]
[Result "0-1"]
[WhiteElo "1574"]
[BlackElo "1674"]
[PlyCount "64"]
[EventDate "2010.??.??"]

1. b3 Nf6 2. Bb2 d5 3. e3 g6 4. Bxf6 exf6 5. Nf3 Bg7 6. d4 O-O 7. Nbd2 Re8 8.
Be2 f5 9. O-O Nd7 10. Rc1 Nf6 11. c4 c6 12. cxd5 Nxd5 13. Bc4 Be6 14. Bxd5 Bxd5
15. Nc4 Qc7 16. Nce5 Rad8 17. Nd3 Bh6 18. g3 Qe7 19. Nd2 g5 20. Qh5 Kg7 21. Ne5
f6 22. Nd3 Bf7 23. Qd1 g4 24. Re1 Bd5 25. Rc5 b6 26. Rc1 a5 27. Qc2 Qf7 28. Nf4
Bxf4 29. gxf4 Qh5 30. e4 fxe4 31. Nxe4 Qf5 32. Nd6 Rxe1+ 0-1

[Event "Hessische EM 2010, D-Turnier"]
[Site "Bad Vilbel"]
[Date "2010.04.03"]
[Round "3"]
[White "Jordake, Michael"]
[Black "Struth, Jürgen"]
[Result "1/2-1/2"]
[WhiteElo "1643"]
[BlackElo "1625"]
[PlyCount "42"]
[EventDate "2010.??.??"]

1. e4 e5 2. Nf3 Nc6 3. Bb5 Bc5 4. Nc3 Nd4 5. O-O Nxb5 6. Nxb5 d6 7. h3 a6 8.
Nc3 Nf6 9. Re1 O-O 10. d4 exd4 11. Nxd4 h6 12. Qd3 Re8 13. Nf3 b5 14. e5 dxe5
15. Qxd8 Rxd8 16. Rxe5 Bd6 17. Re2 Bb7 18. Be3 Bxf3 19. gxf3 Re8 20. Rd1 Rad8
21. Red2 Be7 1/2-1/2

[Event "Hessische EM 2010, D-Turnier"]
[Site "Bad Vilbel"]
[Date "2010.04.03"]
[Round "3"]
[White "Voellinger, Florian"]
[Black "Pelda, Jaromir"]
[Result "0-1"]
[WhiteElo "1534"]
[BlackElo "1640"]
[PlyCount "68"]
[EventDate "2010.??.??"]

1. d4 c5 2. d5 Nf6 3. c4 Ne4 4. Qc2 Qa5+ 5. Bd2 Nxd2 6. Nxd2 g6 7. Ngf3 Bg7 8.
e4 d6 9. Bd3 Na6 10. Qb3 O-O 11. O-O Nb4 12. Be2 Na6 13. a3 Rb8 14. Rab1 Bd7
15. Qe3 b5 16. cxb5 Bxb5 17. Nc4 Bxc4 18. Bxc4 Rxb2 19. Rxb2 Bxb2 20. Qe2 Qxa3
21. Bxa6 Rb8 22. Rb1 Rb6 23. Bc4 a5 24. Ne1 Qc3 25. Qd3 Qf6 26. Qc2 a4 27. Nd3
a3 28. e5 Qf5 29. exd6 exd6 30. Bb3 Rb7 31. Nxb2 Rxb3 32. Qxf5 gxf5 33. Kf1
Rxb2 34. Rxb2 axb2 0-1

[Event "Hessische EM 2010, D-Turnier"]
[Site "Bad Vilbel"]
[Date "2010.04.03"]
[Round "3"]
[White "Bodensohn, Markus"]
[Black "Bender, Sebastian"]
[Result "0-1"]
[WhiteElo "1616"]
[BlackElo "1871"]
[PlyCount "44"]
[EventDate "2010.??.??"]

1. c4 c6 2. Nc3 Nf6 3. Nf3 d5 4. cxd5 cxd5 5. d4 Nc6 6. e3 Qb6 7. Na4 Qc7 8.
Bd2 Bg4 9. Be2 e6 10. O-O Bd6 11. h3 Bh5 12. Rc1 Qe7 13. a3 O-O 14. Nc5 Ne4 15.
Nxe4 dxe4 16. Ne1 Bxe2 17. Qxe2 Qg5 18. Nc2 Rac8 19. Na1 Ne7 20. Nb3 Ng6 21.
Qg4 Qd5 22. Nc5 Bxc5 0-1

[Event "Hessische EM 2010, D-Turnier"]
[Site "Bad Vilbel"]
[Date "2010.04.03"]
[Round "3"]
[White "Kuhnigk, Thomas"]
[Black "Becker, Natalie"]
[Result "1/2-1/2"]
[WhiteElo "1680"]
[BlackElo "1795"]
[PlyCount "72"]
[EventDate "2010.??.??"]

1. d4 g6 2. c4 d6 3. Nc3 Bg7 4. e4 Nf6 5. Be2 O-O 6. h3 c5 7. d5 Nbd7 8. Bg5 h6
9. Be3 Qa5 10. Qd2 Kh7 11. Nf3 Ne8 12. g4 Nc7 13. Nh2 a6 14. O-O b5 15. f4 bxc4
16. Bxc4 Rb8 17. a3 Nb5 18. Bxb5 axb5 19. Qc2 b4 20. axb4 Qxb4 21. Rfb1 Nb6 22.
Bc1 Bd7 23. Nf3 Nc4 24. Nd2 Bd4+ 25. Kh2 h5 26. Nxc4 Qxc4 27. gxh5 gxh5 28. Qd1
Rh8 29. Qf3 Rbg8 30. Bd2 Kg7 31. Rg1+ Bxg1+ 32. Rxg1+ Kf8 33. Rxg8+ Rxg8 34.
Ne2 h4 35. Bc3 Bb5 36. Ng1 Rg3 1/2-1/2

[Event "Hessische EM 2010, D-Turnier"]
[Site "Bad Vilbel"]
[Date "2010.04.03"]
[Round "3"]
[White "Stoll, Ulrich"]
[Black "Bachmann, Nick"]
[Result "1/2-1/2"]
[WhiteElo "1609"]
[BlackElo "1675"]
[PlyCount "60"]
[EventDate "2010.??.??"]

1. e4 e5 2. f4 exf4 3. Nf3 d5 4. exd5 Qxd5 5. Nc3 Qe6+ 6. Be2 Nf6 7. O-O Be7 8.
d4 O-O 9. Bxf4 Qb6 10. b3 Bg4 11. Na4 Qa5 12. Be5 c6 13. Qd3 Nbd7 14. Bg3 Bf5
15. Qd1 Ne4 16. Be1 Qc7 17. Ne5 Bg6 18. Nxg6 fxg6 19. Bf3 Ndf6 20. Qd3 Bd6 21.
g3 Ng5 22. Bg2 Kh8 23. Bd2 Ne6 24. Rae1 Rae8 25. Bh3 Nd8 26. c4 Rxe1 27. Rxe1
Qf7 28. Rf1 Re8 29. Nc3 Qg8 30. Bg5 Be7 1/2-1/2

[Event "Hessische EM 2010, D-Turnier"]
[Site "Bad Vilbel"]
[Date "2010.04.03"]
[Round "3"]
[White "Mattusch, Ralf"]
[Black "Reichel, Rolf"]
[Result "1-0"]
[WhiteElo "1574"]
[BlackElo "1669"]
[PlyCount "75"]
[EventDate "2010.??.??"]

1. d4 d5 2. c4 c6 3. Nc3 Nf6 4. Bg5 e6 5. e3 Be7 6. Nf3 O-O 7. Bd3 Nbd7 8. O-O
dxc4 9. Bxc4 Nd5 10. Bxe7 Qxe7 11. Rc1 N7f6 12. Ne5 Nd7 13. Nxd7 Bxd7 14. Ne4
e5 15. Nc5 exd4 16. Bxd5 cxd5 17. Nxd7 Qxd7 18. Qxd4 Rfd8 19. Rfd1 Rac8 20.
Rxc8 Rxc8 21. Qxa7 f5 22. Qd4 Kf7 23. g3 Ke6 24. Rd3 g5 25. Kg2 h5 26. h4 gxh4
27. Qxh4 Rc4 28. Qxc4 dxc4 29. Rxd7 Kxd7 30. Kf3 b5 31. a3 Ke6 32. Kf4 Kd5 33.
Kxf5 c3 34. bxc3 Kc4 35. e4 Kxc3 36. e5 Kb3 37. e6 Kxa3 38. e7 1-0

[Event "Hessische EM 2010, D-Turnier"]
[Site "Bad Vilbel"]
[Date "2010.04.03"]
[Round "3"]
[White "Hagenberg, Hans-Joachim"]
[Black "El-Lawindy, Asem"]
[Result "1-0"]
[WhiteElo "1667"]
[BlackElo "1533"]
[PlyCount "125"]
[EventDate "2010.??.??"]

1. d4 d5 2. Bf4 Nf6 3. e3 Bf5 4. Nd2 e6 5. h3 Bd6 6. Ngf3 Bxf4 7. exf4 h6 8.
Ne5 Nbd7 9. c3 Qe7 10. Qb3 Rb8 11. a4 O-O 12. g4 Bh7 13. Rg1 Nxe5 14. fxe5 Ne4
15. Nxe4 Bxe4 16. Rg3 Qg5 17. c4 c6 18. Qe3 Qxe3+ 19. fxe3 f6 20. exf6 Rxf6 21.
g5 hxg5 22. Rxg5 Rf3 23. Ra3 Rbf8 24. Bg2 R3f5 25. Rxf5 Bxf5 26. c5 b6 27. cxb6
axb6 28. Rc3 Rc8 29. b4 Bg6 30. Bf1 Be8 31. a5 bxa5 32. bxa5 Rb8 33. a6 Rb1+
34. Kf2 Ra1 35. Rb3 Ra2+ 36. Kg3 Ra1 37. Bd3 Kf8 38. Rb8 Ke7 39. Kf4 Ra3 40. h4
c5 41. dxc5 Rxd3 42. a7 Bc6 43. a8=Q Bxa8 44. Rxa8 Rc3 45. Ra7+ Kf6 46. Ra5
Rc4+ 47. Kg3 Re4 48. Ra3 Kg6 49. Rc3 Ra4 50. c6 Ra8 51. c7 Rc8 52. Kg4 Kf6 53.
h5 e5 54. Rc6+ Kf7 55. Kf5 d4 56. exd4 exd4 57. Ke4 d3 58. Kxd3 Ke7 59. Kd4 Kd7
60. Kd5 Ke7 61. Rg6 Rg8 62. h6 Kf7 63. Rxg7+ 1-0

[Event "Hessische EM 2010, D-Turnier"]
[Site "Bad Vilbel"]
[Date "2010.04.03"]
[Round "3"]
[White "Traut, Stefan"]
[Black "Kilian, Peter"]
[Result "1/2-1/2"]
[WhiteElo "1825"]
[BlackElo "1663"]
[PlyCount "52"]
[EventDate "2010.??.??"]

1. d4 Nf6 2. Nf3 e6 3. c4 d5 4. g3 c6 5. Qc2 Nbd7 6. Bg2 Be7 7. O-O O-O 8. Nbd2
Re8 9. e4 dxe4 10. Nxe4 Nxe4 11. Qxe4 Nf6 12. Qe2 a5 13. Bf4 Nh5 14. Be3 Nf6
15. Bf4 Bd6 16. Ne5 Bf8 17. Rfd1 Nd7 18. h4 Nxe5 19. dxe5 Qc7 20. Bd2 b6 21.
Bc3 Bb7 22. Rd2 Rad8 23. Rad1 Be7 24. b3 Rxd2 25. Rxd2 Rd8 26. Qd1 Rxd2 1/2-1/2

[Event "Hessische EM 2010, D-Turnier"]
[Site "Bad Vilbel"]
[Date "2010.04.03"]
[Round "3"]
[White "Bachmann, Björn"]
[Black "Hahlbeck, Sven"]
[Result "1/2-1/2"]
[WhiteElo "1534"]
[BlackElo "1887"]
[PlyCount "117"]
[EventDate "2010.??.??"]

1. e4 c6 2. d4 d5 3. e5 Bf5 4. Nc3 e6 5. g4 Bg6 6. Be3 Nd7 7. Nge2 c5 8. Nf4
cxd4 9. Bxd4 Ne7 10. h4 h6 11. Nb5 Nc6 12. Nxg6 fxg6 13. Qd3 Ndxe5 14. Bxe5
Nxe5 15. Qe2 Bd6 16. f4 Nf7 17. Qxe6+ Qe7 18. Nxd6+ Nxd6 19. Qxe7+ Kxe7 20.
O-O-O Ke6 21. Bg2 Ne4 22. Rhe1 Rad8 23. Bxe4 dxe4 24. Rxe4+ Kf6 25. Rde1 Rd7
26. Re6+ Kf7 27. R6e2 Kf6 28. Rd1 Rhd8 29. Red2 Rxd2 30. Rxd2 Rxd2 31. Kxd2 h5
32. gxh5 gxh5 33. c4 Kf5 34. Ke3 Kg4 35. b4 Kxh4 36. c5 Kg3 37. b5 h4 38. c6
bxc6 39. bxc6 h3 40. c7 h2 41. c8=Q h1=Q 42. Kd4 Qd1+ 43. Ke5 Qe2+ 44. Kd6 Qd3+
45. Ke6 Qe4+ 46. Kf7 Qd4 47. Qf5 Qxf4 48. Qxf4+ Kxf4 49. Kxg7 Ke5 50. Kg6 a5
51. a4 Kd4 52. Kf5 Kc4 53. Ke4 Kb4 54. Kd4 Kxa4 55. Kc4 Ka3 56. Kc3 Ka2 57. Kc2
Ka3 58. Kb1 a4 59. Ka1 1/2-1/2

[Event "Hessische EM 2010, D-Turnier"]
[Site "Bad Vilbel"]
[Date "2010.04.03"]
[Round "3"]
[White "Kalmann, Max"]
[Black "Schellen, Sven"]
[Result "0-1"]
[WhiteElo "1531"]
[BlackElo "1644"]
[PlyCount "110"]
[EventDate "2010.??.??"]

1. d4 d5 2. c4 c6 3. e3 Nf6 4. Nc3 Bf5 5. Bd2 e6 6. c5 Nbd7 7. b4 Be7 8. a4 Ne4
9. Nxe4 dxe4 10. b5 Bf6 11. Qc2 Qe7 12. Ne2 Nxc5 13. Ng3 O-O 14. Rc1 Nd3+ 15.
Bxd3 exd3 16. Nxf5 exf5 17. Qxd3 Rfd8 18. O-O cxb5 19. Qxb5 f4 20. Qf5 Qd7 21.
Qxf4 Qxa4 22. Qc7 Rd7 23. Qf4 Qb5 24. Rc5 Qd3 25. Qg4 Rad8 26. Bc1 Be7 27. Re5
Bd6 28. Rh5 a5 29. g3 a4 30. Ra5 a3 31. Qg5 Bb4 32. Ra4 Rd5 33. Qf4 Qb3 34. Ra7
R5d7 35. Qf5 h6 36. Qb5 Qc3 37. Qa4 b5 38. Qa6 Rxa7 39. Qxa7 Bf8 40. Qa6 b4 41.
Qa5 Rc8 42. Qa6 Qc2 43. Bd2 b3 44. Rc1 b2 45. Rxc2 b1=Q+ 46. Rc1 Rxc1+ 47. Bxc1
Qxc1+ 48. Kg2 Qb2 49. d5 a2 50. d6 Bxd6 51. Qxd6 a1=Q 52. Qd8+ Kh7 53. Qd3+ g6
54. h4 Qb7+ 55. e4 Qab1 0-1

[Event "Hessische EM 2010, D-Turnier"]
[Site "Bad Vilbel"]
[Date "2010.04.03"]
[Round "3"]
[White "Euler, Uli"]
[Black "Becker, Peter"]
[Result "1-0"]
[WhiteElo "1529"]
[BlackElo "1952"]
[PlyCount "93"]
[EventDate "2010.??.??"]

1. e4 c5 2. Nf3 d6 3. c3 Bd7 4. d4 Nf6 5. Bd3 b6 6. Bg5 e6 7. e5 dxe5 8. dxe5
h6 9. Bh4 g5 10. Nxg5 hxg5 11. Bxg5 Be7 12. exf6 Bxf6 13. Bf4 Bc6 14. f3 Nd7
15. Nd2 Ne5 16. Be2 Nd3+ 17. Bxd3 Qxd3 18. Qe2 Qxe2+ 19. Kxe2 O-O-O 20. Rad1
Bb5+ 21. Kf2 Be7 22. Ne4 f6 23. Bd6 Kd7 24. Be5+ Kc6 25. Bxf6 Bxf6 26. Nxf6
Rdf8 27. Ne4 Bc4 28. b3 Bd5 29. Rde1 b5 30. h3 a5 31. Ng5 Rf6 32. Re3 Rh5 33.
Ne4 Rf8 34. g4 Re5 35. Rhe1 Bxe4 36. Rxe4 Rxe4 37. Rxe4 Kd5 38. a3 e5 39. h4
Rf4 40. Rxf4 exf4 41. c4+ bxc4 42. bxc4+ Kxc4 43. h5 Kb3 44. h6 c4 45. Ke2 c3
46. h7 Kxa3 47. h8=Q 1-0

[Event "Hessische EM 2010, D-Turnier"]
[Site "Bad Vilbel"]
[Date "2010.04.03"]
[Round "3"]
[White "Reichel, Günther"]
[Black "Martens, Nick"]
[Result "0-1"]
[WhiteElo "1730"]
[BlackElo "1506"]
[PlyCount "169"]
[EventDate "2010.??.??"]

1. f4 Nf6 2. Nf3 g6 3. e3 d6 4. b3 Bg7 5. Bb2 Bg4 6. Be2 Nc6 7. O-O Nh5 8. Bxg7
Nxg7 9. c4 d5 10. cxd5 Qxd5 11. Nc3 Qd7 12. a3 h5 13. Ne4 O-O-O 14. Rc1 f6 15.
b4 a6 16. Qa4 Na7 17. Qc2 Bf5 18. Nd4 Bxe4 19. Qxe4 Nf5 20. Bf3 Nd6 21. Qc2 c6
22. Qb3 Kb8 23. Ne6 Rc8 24. Nc5 Qe8 25. Rc2 Rh7 26. a4 e5 27. fxe5 Qxe5 28. Ne6
Re7 29. Nf4 Rg7 30. Ne6 Re7 31. Nc5 f5 32. Be2 g5 33. Nd3 Qg7 34. Nc5 f4 35.
Bxh5 Rh8 36. Bg4 Rh4 37. h3 Rh8 38. exf4 Qd4+ 39. Kh1 gxf4 40. Ne6 Qe5 41. Rc5
Qf6 42. Rxf4 Qa1+ 43. Kh2 Qe1 44. Qc3 Rhe8 45. Re5 Qh4 46. Bh5 Qxf4+ 47. Nxf4
Rxe5 48. Bxe8 Rxe8 49. Qd4 Nac8 50. g4 Re4 51. Qf6 Rxb4 52. g5 Rxa4 53. g6 Ra5
54. g7 Rf5 55. Qxf5 Nxf5 56. g8=Q b5 57. Qf8 Nfd6 58. Ne6 b4 59. Qg7 b3 60.
Qc7+ Ka8 61. Qxc6+ Kb8 62. Qc3 b2 63. Qxb2+ Nb5 64. h4 Ne7 65. h5 Nf5 66. Ng7
Nh6 67. Qf6 Ng4+ 68. Kh3 Nxf6 69. h6 Nd6 70. Kh4 Nf7 71. Nf5 a5 72. d4 Kb7 73.
d5 Nxh6 74. Nxh6 Nxd5 75. Kg4 a4 76. Nf5 Nb4 77. Nd4 a3 78. Nb3 Kb6 79. Kf3 Kb5
80. Ke2 Kc4 81. Na1 Kc3 82. Kd1 Kb2 83. Kd2 Kxa1 84. Kc3 Nd5+ 85. Kb3 0-1

[Event "Hessische EM 2010, D-Turnier"]
[Site "Bad Vilbel"]
[Date "2010.04.03"]
[Round "3"]
[White "Hastenrath, Teja"]
[Black "Rüll, Michael"]
[Result "0-1"]
[WhiteElo "1674"]
[BlackElo "1778"]
[PlyCount "62"]
[EventDate "2010.??.??"]

1. d4 Nf6 2. c4 d6 3. Nc3 g6 4. e4 Bg7 5. Be2 O-O 6. Nf3 e5 7. O-O Nh5 8. g3
Nc6 9. d5 Ne7 10. Nh4 Nf6 11. f4 Bh3 12. Rf2 Qd7 13. Qc2 Ng4 14. Bxg4 Bxg4 15.
f5 Bf6 16. Bh6 Bxh4 17. gxh4 gxf5 18. Rg2 Kh8 19. exf5 Nxf5 20. Bg5 f6 21. Rxg4
fxg5 22. Rxg5 Nd4 23. Qg2 Nf3+ 24. Kh1 Nxg5 25. hxg5 Rf5 26. Ne4 Rg8 27. Qd2
Qg7 28. h4 Rf4 29. Qe1 Qg6 30. Nd2 Qh5 31. Nf1 Rxg5 0-1

[Event "Hessische EM 2010, D-Turnier"]
[Site "Bad Vilbel"]
[Date "2010.04.03"]
[Round "3"]
[White "Noblé, Daniel"]
[Black "Brueckner, Ewald"]
[Result "1-0"]
[WhiteElo "1647"]
[BlackElo "1546"]
[PlyCount "163"]
[EventDate "2010.??.??"]

1. e4 b6 2. d4 Bb7 3. Nc3 d6 4. Bc4 e6 5. Nge2 Be7 6. f4 Nf6 7. Qd3 Nbd7 8. e5
dxe5 9. fxe5 Nd5 10. Ne4 Nb4 11. Qf3 Nxc2+ 12. Kd1 Nxe5 13. Qf4 Nxd4 14. Qxe5
Nf3+ 15. Nd6+ Bxd6 16. Qb5+ c6 17. Qb3 Bc5+ 18. Kc2 Nd4+ 19. Nxd4 Qxd4 20. Bd2
O-O 21. Rad1 Qg4 22. Rhf1 Rad8 23. Rf3 Qxg2 24. Kc1 Qxh2 25. Qc2 Be7 26. Rdf1
Rxd2 27. Qxd2 Qxd2+ 28. Kxd2 c5 29. Rxf7 Bd5 30. Rxf8+ Bxf8 31. b3 Bxc4 32.
bxc4 Be7 33. Ke3 Bf6 34. Rd1 Bd4+ 35. Kf4 e5+ 36. Kf5 g6+ 37. Ke4 Kf7 38. Rf1+
Ke7 39. Rf3 h5 40. Ra3 Kf6 41. Rf3+ Kg7 42. Ra3 Kf6 43. Rf3+ Kg5 44. Rg3+ Kh6
45. Rf3 Kg7 46. Ra3 a5 47. Rb3 h4 48. Kf3 Kh6 49. Kg4 Bf2 50. Rxb6 e4 51. Re6
e3 52. a4 Kg7 53. Re8 Kf7 54. Re4 Kf6 55. Re8 g5 56. Re4 h3 57. Kxh3 Kf5 58.
Re8 Kf4 59. Kg2 Be1 60. Re6 Bc3 61. Re7 Be5 62. Rd7 Ke4 63. Rd5 Bd4 64. Kf1 Kd3
65. Ke1 Kxc4 66. Rxg5 Kb4 67. Ke2 Kxa4 68. Rg1 Kb3 69. Rb1+ Kc2 70. Rb5 a4 71.
Ra5 Kb3 72. Rb5+ Ka2 73. Kd3 a3 74. Kc2 e2 75. Kd2 Ka1 76. Kxe2 a2 77. Kd1 Bb2
78. Kc2 Ba3 79. Rb7 c4 80. Rd7 Bc1 81. Rd1 c3 82. Rxc1# 1-0

[Event "Hessische EM 2010, D-Turnier"]
[Site "Bad Vilbel"]
[Date "2010.04.03"]
[Round "3"]
[White "Sendinc, Burhanettin"]
[Black "Jöckel, Thomas"]
[Result "1/2-1/2"]
[WhiteElo "1511"]
[BlackElo "1613"]
[PlyCount "46"]
[EventDate "2010.??.??"]

1. e4 Nf6 2. Nc3 d5 3. exd5 Nxd5 4. Bc4 Nb6 5. Bb3 Nc6 6. Nf3 Bf5 7. d4 e6 8.
Bf4 Bd6 9. Qd2 a6 10. O-O Bxf4 11. Qxf4 Qd6 12. Qxd6 cxd6 13. d5 Na5 14. dxe6
fxe6 15. Nd4 Nxb3 16. cxb3 O-O 17. Rfe1 e5 18. Nxf5 Rxf5 19. Rad1 Rd8 20. Nd5
Nxd5 21. Rxd5 Rff8 22. Red1 Rf6 23. Rxe5 Rxf2 1/2-1/2

[Event "Hessische EM 2010, D-Turnier"]
[Site "Bad Vilbel"]
[Date "2010.04.03"]
[Round "3"]
[White "Lietz, Helmuth"]
[Black "Falkenhainer, Sven"]
[Result "0-1"]
[WhiteElo "1608"]
[BlackElo "1595"]
[PlyCount "96"]
[EventDate "2010.??.??"]

1. d4 d5 2. c4 e6 3. Nc3 Nf6 4. Bg5 Be7 5. Nf3 O-O 6. e3 b6 7. Rc1 dxc4 8. Bxc4
Bb7 9. O-O Nbd7 10. a3 c5 11. Ba2 Rc8 12. Bb1 h6 13. Bh4 cxd4 14. Nxd4 a6 15.
Qc2 Be4 16. Qa4 Bxb1 17. Nxb1 Nc5 18. Qd1 Nh7 19. Bxe7 Qxe7 20. Nc3 Rfd8 21.
Qe2 e5 22. Nf5 Qe6 23. Qg4 g6 24. Nxh6+ Kg7 25. Qxe6 Nxe6 26. Ng4 f6 27. f3 Rd2
28. Rf2 Rxf2 29. Kxf2 Nhg5 30. Rd1 Nf7 31. Rd2 f5 32. Nxe5 Nxe5 33. h3 Nc5 34.
Ne2 Nc4 35. Rc2 Nxb2 36. Nd4 Ncd3+ 37. Ke2 Rxc2+ 38. Nxc2 Nc5 39. g4 Nc4 40.
gxf5 gxf5 41. f4 Ne4 42. Nd4 Kg6 43. Nc2 a5 44. Kd3 b5 45. Kd4 Kf6 46. Kd5 Nxa3
47. Nxa3 b4 48. Nb5 Nc3+ 0-1

[Event "Hessische EM 2010, D-Turnier"]
[Site "Bad Vilbel"]
[Date "2010.04.03"]
[Round "3"]
[White "Babel, Dirk"]
[Black "Koch, Norbert"]
[Result "0-1"]
[WhiteElo "1557"]
[BlackElo "1662"]
[PlyCount "76"]
[EventDate "2010.??.??"]

1. e4 e6 2. d4 d5 3. exd5 exd5 4. Bf4 Nf6 5. Bd3 Be7 6. Nf3 O-O 7. O-O Bg4 8.
Nbd2 Nc6 9. c3 Qd7 10. Qc2 h6 11. Rfe1 Rad8 12. Ne5 Nxe5 13. dxe5 Nh5 14. Be3
Bg5 15. Bxg5 hxg5 16. f3 Be6 17. g3 c5 18. g4 Nf4 19. Bf5 Rfe8 20. Nf1 d4 21.
Ng3 d3 22. Qd2 Bxf5 23. gxf5 Qd5 24. e6 fxe6 25. fxe6 Rxe6 26. Ne4 c4 27. Re3
Rde8 28. Rae1 Qc6 29. Nxg5 Rxe3 30. Rxe3 Ne2+ 31. Kf2 Rf8 32. Re4 Qb6+ 33. Kg2
Qg1+ 34. Kh3 Qf1+ 35. Kh4 Qf2+ 36. Kg4 Qg2+ 37. Kh5 Qxh2+ 38. Nh3 Ng3+ 0-1

[Event "Hessische EM 2010, D-Turnier"]
[Site "Bad Vilbel"]
[Date "2010.04.03"]
[Round "3"]
[White "Riha, Peter"]
[Black "Boethelt, Klaus-Dieter"]
[Result "1-0"]
[WhiteElo "1821"]
[BlackElo "1581"]
[PlyCount "97"]
[EventDate "2010.??.??"]

1. d4 d5 2. Bf4 e6 3. e3 c5 4. c3 Qa5 5. Nd2 cxd4 6. exd4 Nc6 7. Ngf3 Nf6 8.
Ne5 Bd7 9. Ndf3 Be7 10. Bd3 O-O 11. O-O Qb6 12. Qc2 h6 13. Rfe1 Rac8 14. Qe2 a6
15. Rab1 Na7 16. Nxd7 Nxd7 17. Ne5 Qd8 18. Nxd7 Qxd7 19. Qg4 Kh8 20. Bxh6 gxh6
21. Qh5 Kg7 22. Re3 Rh8 23. Qe5+ f6 24. Rg3+ Kf8 25. Qh5 f5 26. Re1 Qe8 27.
Qxe8+ Rxe8 28. Rxe6 Bh4 29. Rxe8+ Kxe8 30. Re3+ Kf7 31. Bxf5 Rd8 32. g3 Bf6 33.
f4 Nb5 34. Kf2 Kf8 35. Kf3 a5 36. Bc2 Re8 37. Rxe8+ Kxe8 38. Ba4 Ke7 39. Bxb5
Ke6 40. Kg4 Be7 41. Bd3 Kf6 42. Bh7 Kg7 43. Bc2 Kf6 44. Bb3 Ke6 45. f5+ Kd6 46.
Kh5 Bg5 47. Kg6 Bc1 48. f6 Bxb2 49. f7 1-0